000 00603nam a2200241Ia 4500
003 OSt
005 20220918221925.0
006 a|||||r|||| 00| 0
007 ta
008 220917b |||||||| |||| 00| 0 eng d
024 _a210,633
037 _cTextual
040 _aARTS
_cARTS
_beng
041 _2eng
_aeng
082 _aQ, P2(Q4)
100 _aCrawford Robert
_916014
245 0 _aWhat is religion?
260 _aLondon
_bRoutledge
_c2002
300 _axi, 234 p
_ccm.
650 _aRELIGION
942 _hQ, P2(Q4)
_cTEXL
_2CC
999 _c274024
_d274024